| 000 | 00864nam a2200265 i 4500 | ||
|---|---|---|---|
| 001 | 36194 | ||
| 003 | ES-MaACL | ||
| 005 | 20250907063038.0 | ||
| 007 | t| | ||
| 008 | 150919s1988 sp a ||||1| spa d | ||
| 020 | _a84-376-0744-2 | ||
| 080 | _a929:820-1"16/17" | ||
| 100 | 1 |
_aJohnson, Samuel, _d1709-1784 _9137503 |
|
| 245 | 1 | 0 |
_aVida de los poetas ingleses / _cSamuel Johnson ; edición de Bernd Dietz ; traducción de Bern Dietz. |
| 260 |
_aMadrid : _bCátedra, _cD.L. 1988. |
||
| 300 |
_a496 p. : _bil. ; _c19 cm. |
||
| 490 | 1 |
_aLetras hispánicas ; _v95 |
|
| 504 | _aBibliografía: p. 45-46. | ||
| 650 | 4 |
_aPoetas ingleses- _xBiografías. _9157265 |
|
| 700 | 0 |
_aDietz, Bernd. _944630 |
|
| 830 | 0 | 0 |
_aLetras hispánicas ; _v95 _9235703 |
| 852 |
_aES-MaACL _jL-30152 _z.- Donat. Miguel A. Velasco |
||
| 942 | _2udc | ||
| 999 |
_c36194 _d36194 |
||